| 000 -LEADER |
| fixed length control field |
00445nam a22001457a 4500 |
| 082 ## - DEWEY DECIMAL CLASSIFICATION NUMBER |
| Classification number |
A99 Ac44 |
| 100 ## - MAIN ENTRY--PERSONAL NAME |
| Personal name |
Acharya, B.P. |
| 9 (RLIN) |
61078 |
| 245 ## - TITLE STATEMENT |
| Title |
Obtuse angel: a bureaucrat's journey through cartoons |
| Statement of responsibility, etc |
by B.P. Acharya |
| 260 ## - PUBLICATION, DISTRIBUTION, ETC. (IMPRINT) |
| Place of publication, distribution, etc |
Hyderabad |
| Name of publisher, distributor, etc |
Visual Quest Books |
| Date of publication, distribution, etc |
2025 |
| 300 ## - PHYSICAL DESCRIPTION |
| Extent |
288p. |
| 650 ## - SUBJECT ADDED ENTRY--TOPICAL TERM |
| Topical term or geographic name as entry element |
Acharya, B.P., 1960 - |
| 9 (RLIN) |
61079 |
| 650 ## - SUBJECT ADDED ENTRY--TOPICAL TERM |
| Topical term or geographic name as entry element |
Bureaucracy |
| 9 (RLIN) |
61080 |
| 650 ## - SUBJECT ADDED ENTRY--TOPICAL TERM |
| Topical term or geographic name as entry element |
Caricatures and cartoons |
| 9 (RLIN) |
61081 |
| 650 ## - SUBJECT ADDED ENTRY--TOPICAL TERM |
| Topical term or geographic name as entry element |
Civil service |
| 9 (RLIN) |
61082 |